header

Wars of disruption and resilience (Record no. 128334)

MARC details
000 -LEADER
fixed length control field 02989nam a2200421 a 4500
082 04 - DEWEY DECIMAL CLASSIFICATION NUMBER
Classification number 363.325
100 1# - MAIN ENTRY--AUTHOR NAME
Personal name Demchak, Chris C.
245 10 - TITLE STATEMENT
Title Wars of disruption and resilience
260 ## - PUBLICATION, DISTRIBUTION, ETC. (IMPRINT)
Place of publication Athens :
Name of publisher University of Georgia Press,
Year of publication c2011.
300 ## - PHYSICAL DESCRIPTION
Number of Pages xviii, 331 p. :
Other physical details ill.
490 1# - SERIES STATEMENT
Series statement Studies in security and international affairs
505 0# - FORMATTED CONTENTS NOTE
Formatted contents note Globalization and spread of cybered conflict -- Emerging uncivil cybered international system -- Challenge to international relations theory -- Syncretic reframing : security resilience strategy for a cybered world -- Security resilience strategy : linking framework and tools -- History's experiments in security resilience -- Case studies of city-state security strategies -- Greek and Italian city-state wars of disruption -- British and U.S. small wars of disruption -- Lessons for disruption in a security resilience strategy -- Challenges in a new strategy for cybered threats -- Political acceptance of cybered threat in democratic city-states -- Technical design for cybered conflict -- Operational constraints on implementation of disruption -- Institutional design for cybered power and national security -- Honest joint consultation--knowledge nexus -- Comprehensive data--privacy in behavior-based adaptations -- Collaborative actionable knowledge : the atrium model -- Gathering what exists today -- Disruption and resilience for national security and power in a cybered world -- Marks of the new cybered age : sovereignty, disruption, and resilience -- Inklings of the future : the rise of the cybercommand -- Adapting the social contract for cybered uncertainty.
650 #0 - SUBJECT ADDED ENTRY--TOPICAL TERM
Topical Term Information warfare.
Topical Term Cyberspace
Topical Term Computer networks
Topical Term Cyberterrorism
Topical Term National security
856 40 - ELECTRONIC LOCATION AND ACCESS
Uniform Resource Identifier http://site.ebrary.com/lib/rucke/Doc?id=10496031

No items available.

© 2026 Rongo University
Contact us: librarian | system librarian | Rongo university